Loading...
| Science - Chemistry | 2 | 3 | 1 | 2 | 55 | 49 | 92.00 | 3 | 5 |
| Science - Other Science | 2 | 2 | 1 | 0 | 45 | 52 | 82.00 | 2 | 3 |
| Science - Physics | 3 | 1 | 2 | 0 | 45 | 45 | 58.75 | 4 | 4 |
| Beliefs - Mythology | 1 | 3 | 1 | 1 | 40 | 28 | 77.25 | 3 | 3 |
| Thought - Social Science | 0 | 3 | 0 | 0 | 30 | 76 | 84.33 | 1 | 2 |
| History - Euro History | 0 | 3 | 0 | 0 | 30 | 87 | 104.67 | 2 | 2 |
| Science - Biology | 2 | 1 | 3 | 0 | 25 | 33 | 66.00 | 3 | 3 |
| History - Other History | 0 | 3 | 1 | 2 | 25 | 102 | 119.67 | 0 | 2 |
| Literature - World Lit | 0 | 2 | 0 | 0 | 20 | 92 | 108.00 | 1 | 1 |
| Arts - Music | 0 | 2 | 0 | 0 | 20 | 81 | 94.00 | 0 | 0 |
| Other - Other Academic | 0 | 2 | 0 | 0 | 20 | 70 | 71.00 | 0 | 0 |
| Other - Pop Culture | 0 | 2 | 0 | 0 | 20 | 124 | 135.00 | 0 | 1 |
| History - World History | 0 | 2 | 1 | 1 | 15 | 103 | 113.50 | 0 | 0 |
| Beliefs - Religion | 0 | 2 | 1 | 0 | 15 | 90 | 100.00 | 0 | 2 |
| Literature - British Lit | 1 | 0 | 0 | 0 | 15 | 72 | 72.00 | 0 | 1 |
| History - American History | 0 | 1 | 0 | 0 | 10 | 102 | 102.00 | 1 | 1 |
| Science - Engineering | 0 | 1 | 0 | 0 | 10 | 93 | 93.00 | 0 | 1 |
| Thought - Philosophy | 0 | 1 | 0 | 0 | 10 | 108 | 108.00 | 0 | 1 |
| Other - Geo/CE | 0 | 1 | 0 | 0 | 10 | 118 | 118.00 | 0 | 1 |
| Arts - Painting | 0 | 1 | 2 | 0 | 0 | 101 | 101.00 | 0 | 0 |
| Literature - American Lit | 0 | 0 | 1 | 0 | -5 | 0.00 | 0 | 0 | |
| Literature - Euro Lit | 0 | 0 | 1 | 0 | -5 | 0.00 | 0 | 0 |